5HLuxD.jpg

KING HENRY VIII SENIOR AND PRIMARY SCHOOL LIBRARY OPAC

Cursed / (Record no. 5107)

000 -LEADER
fixed length control field 01773cam a2200433 i 4500
001 - CONTROL NUMBER
control field 19130095
003 - CONTROL NUMBER IDENTIFIER
control field OSt
005 - DATE AND TIME OF LATEST TRANSACTION
control field 20250618103147.0
008 - FIXED-LENGTH DATA ELEMENTS--GENERAL INFORMATION
fixed length control field 160610s2016 nyua c 000 1 eng
010 ## - LIBRARY OF CONGRESS CONTROL NUMBER
LC control number 2016007817
020 ## - INTERNATIONAL STANDARD BOOK NUMBER
International Standard Book Number 9780385392501 (pbk.)
040 ## - CATALOGING SOURCE
Original cataloging agency DLC
Language of cataloging eng
Description conventions rda
Transcribing agency DLC
Modifying agency DLC
-- KH8
042 ## - AUTHENTICATION CODE
Authentication code lcac
-- pcc
082 ## - DEWEY DECIMAL CLASSIFICATION NUMBER
Classification number FIC COV
100 1# - MAIN ENTRY--PERSONAL NAME
Personal name Coville, Bruce,
Relator term author.
245 10 - TITLE STATEMENT
Title Cursed /
Statement of responsibility, etc. Bruce Coville ; illustrations by Paul Kidby.
250 ## - EDITION STATEMENT
Edition statement First Yearling edition.
264 #1 - PRODUCTION, PUBLICATION, DISTRIBUTION, MANUFACTURE, AND COPYRIGHT NOTICE
Place of production, publication, distribution, manufacture New York :
Name of producer, publisher, distributor, manufacturer Yearling, an imprint of Random House Children's Books, a division of Penguin Random House LLC,
Date of production, publication, distribution, manufacture, or copyright notice 2016.
300 ## - PHYSICAL DESCRIPTION
Extent 241 pages :
Other physical details illustrations ;
Dimensions 20 cm.
336 ## - CONTENT TYPE
Content type term text
Content type code txt
Source rdacontent
337 ## - MEDIA TYPE
Media type term unmediated
Media type code n
Source rdamedia
338 ## - CARRIER TYPE
Carrier type term volume
Carrier type code nc
Source rdacarrier
490 0# - SERIES STATEMENT
Series statement The Enchanted Files ;
Volume/sequential designation [1]
500 ## - GENERAL NOTE
General note "A Yearling book."
500 ## - GENERAL NOTE
General note "Originally published in hardcover in the United States as Diary of a Mad Brownie by Random House Children's Books, New York, in 2015"--Title page verso.
520 ## - SUMMARY, ETC.
Summary, etc. "Angus Cairns is a brownie, a magical creature with a fastidious nature. Alex Carhart is the messiest eleven-year-old in the United States of America. Together, this unlikely pair embarks on an unforgettable adventure"--
Assigning source Provided by publisher.
521 1# - TARGET AUDIENCE NOTE
Target audience note Ages 8-12.
650 #1 - SUBJECT ADDED ENTRY--TOPICAL TERM
Topical term or geographic name entry element Imaginary creatures
Form subdivision Fiction.
650 #1 - SUBJECT ADDED ENTRY--TOPICAL TERM
Topical term or geographic name entry element Blessing and cursing
Form subdivision Fiction.
650 #1 - SUBJECT ADDED ENTRY--TOPICAL TERM
Topical term or geographic name entry element Orderliness
Form subdivision Fiction.
650 #1 - SUBJECT ADDED ENTRY--TOPICAL TERM
Topical term or geographic name entry element Magic
Form subdivision Fiction.
650 #1 - SUBJECT ADDED ENTRY--TOPICAL TERM
Topical term or geographic name entry element Adventure and adventurers
Form subdivision Fiction.
650 #1 - SUBJECT ADDED ENTRY--TOPICAL TERM
Topical term or geographic name entry element Family life
Form subdivision Fiction.
650 #1 - SUBJECT ADDED ENTRY--TOPICAL TERM
Topical term or geographic name entry element Diaries
Form subdivision Fiction.
650 #1 - SUBJECT ADDED ENTRY--TOPICAL TERM
Topical term or geographic name entry element Humorous stories.
650 #7 - SUBJECT ADDED ENTRY--TOPICAL TERM
Topical term or geographic name entry element JUVENILE FICTION / Humorous Stories.
Source of heading or term bisacsh
700 1# - ADDED ENTRY--PERSONAL NAME
Personal name Kidby, Paul,
Relator term illustrator.
942 ## - ADDED ENTRY ELEMENTS (KOHA)
Source of classification or shelving scheme
Koha item type Books - Fiction
Holdings
Withdrawn status Lost status Source of classification or shelving scheme Damaged status Not for loan Collection code Permanent Location Current Location Shelving location Date acquired Total Checkouts Full call number Barcode Date last seen Date last checked out Price effective from Koha item type
          Fiction KH8 Senior School Library KH8 Senior School Library Fiction 2025-06-18 1 FIC COV 3KHSL000102293 2025-10-30 2025-10-10 2025-06-18 Books - Fiction

Powered By KH8 IT Dept